000
00297nam a2200145Ia 4500
100
_a
Holdsworth/B
250
_a
4
942
_c
BK
654
_a
digital
245
_a
Digital Logic Design
260
_b
Newnes
_a
New Delhi
_c
2002
082
_a
621.3819
_b
HOL
300
_a
519
546
_a
ENGLISH
999
_c
32965
_d
32965